[Event "NOR-chT Club"]
[Site "Drammen"]
[Date "2019.05.30"]
[Round "1.12"]
[White "Hanssen, John Christian"]
[Black "Mirza, Raad"]
[Result "0-1"]
[WhiteElo "1570"]
[BlackElo "1998"]
[PlyCount "84"]
[EventDate "2019.05.30"]
[EventType "team-swiss"]
[EventRounds "6"]
[EventCountry "NOR"]
[SourceTitle "CBM 190 Extra"]
[Source "ChessBase"]
[SourceDate "2019.07.15"]
[SourceVersion "1"]
[SourceVersionDate "2019.07.15"]
[SourceQuality "1"]
[WhiteTeam "Drammen Bobcats"]
[BlackTeam "Sarpsborg"]
[WhiteTeamCountry "NOR"]
[BlackTeamCountry "NOR"]

1. d4 Nf6 2. c4 e6 3. Bg5 Be7 4. Nc3 c5 5. e3 Qa5 6. Qa4 Qxa4 7. Nxa4 cxd4 8. exd4 Bb4+ 9. Nc3 Ne4 10. Bd2 Nxd2 11. Kxd2 Nc6 12. Nf3 a6 13. a3 Bd6 14. g3 b6 15. Bg2 Rb8 16. b4 Be7 17. d5 Nd8 18. Rab1 0-0 19. Ne5 f6 20. Nd3 d6 21. Bh3 e5 22. Bg2 Bd7 23. Rhe1 Rc8 24. Nb2 Nf7 25. Rbc1 f5 26. f4 g5 27. Bh3 Bf6 28. Ne4 Be7 29. Nf2 Rc7 30. Nfd3 e4 31. Nf2 Bf6 32. Nbd1 g4 33. Bf1 Bd4 34. Ne3 Bb2 35. Rb1 Bd4 36. Nfd1 h5 37. h4 Ra8 38. Nc2 b5 39. Nce3 bxc4 40. Nxc4 Bb5 41. Na5 Rac8 42. Bxb5 Rc2# 0-1

[Event "Ski Follosjakken Grand Prix 2 A"]
[Site "Ski"]
[Date "2018.05.19"]
[Round "6"]
[White "Mirza, Raad"]
[Black "Kvendseth, Thyra"]
[Result "0-1"]
[WhiteElo "1920"]
[BlackElo "1724"]
[PlyCount "50"]
[EventDate "2018.05.19"]
[EventType "swiss (rapid)"]
[EventRounds "6"]
[EventCountry "NOR"]
[SourceTitle "EXT 2024"]
[Source "ChessBase"]
[SourceDate "2023.10.10"]
[SourceVersion "1"]
[SourceVersionDate "2023.10.10"]
[SourceQuality "1"]

1. e4 e5 2. Nf3 Nc6 3. Bc4 Bc5 4. 0-0 Nf6 5. d4 Bxd4 6. Nxd4 Nxd4 7. f4 d6 8. fxe5 dxe5 9. Bg5 Be6 10. Bxe6 Nxe6 11. Qxd8+ Rxd8 12. Bxf6 gxf6 13. Rxf6 Nf4 14. Nc3 Rd2 15. g3 Nh3+ 16. Kh1 Rxc2 17. Raf1 Rf8 18. Nd5 Kd8 19. Rxf7 Nf2+ 20. R1xf2 Rxf2 21. Rxc7 Rxb2 22. Kg1 h6 23. Re7 Rff2 24. Rxe5 Rg2+ 25. Kh1 Rgc2 0-1